<?xml version="1.0" encoding="UTF-8"?>
<marc:records xmlns:marc="http://www.loc.gov/MARC21/slim" xmlns:xsi="http://www.w3.org/2001/XMLSchema-instance" xsi:schemaLocation="http://www.loc.gov/MARC21/slim http://www.loc.gov/standards/marcxml/schema/MARC21slim.xsd">
  <marc:record>
    <marc:leader>03646ntm a2200493 a 4500</marc:leader>
    <marc:controlfield tag="001">9977254651503681</marc:controlfield>
    <marc:controlfield tag="005">20260609152413.0</marc:controlfield>
    <marc:controlfield tag="008">180314q17101750fr            000 0 lat d</marc:controlfield>
    <marc:datafield ind1=" " ind2=" " tag="035">
  <marc:subfield code="a">(OCoLC)on1569971194</marc:subfield>
</marc:datafield>
    <marc:datafield ind1=" " ind2=" " tag="035">
  <marc:subfield code="a">(OCoLC)1569971194</marc:subfield>
</marc:datafield>
    <marc:datafield ind1=" " ind2=" " tag="040">
  <marc:subfield code="a">PAU</marc:subfield>
  <marc:subfield code="b">eng</marc:subfield>
  <marc:subfield code="e">amremm</marc:subfield>
  <marc:subfield code="c">PAU</marc:subfield>
</marc:datafield>
    <marc:datafield ind1="0" ind2=" " tag="041">
  <marc:subfield code="a">lat</marc:subfield>
  <marc:subfield code="a">fre</marc:subfield>
</marc:datafield>
    <marc:datafield ind1=" " ind2="9" tag="099">
  <marc:subfield code="a">Ms. Codex 2343</marc:subfield>
</marc:datafield>
    <marc:datafield ind1="0" ind2="0" tag="245">
  <marc:subfield code="a">Index eorum omnium :</marc:subfield>
  <marc:subfield code="b">quae in tribus miscellaneorum libris tam latine quam gallice, tam stricta quam soluta oratione continentur.</marc:subfield>
</marc:datafield>
    <marc:datafield ind1="1" ind2="8" tag="246">
  <marc:subfield code="a">Index miscellaneorum</marc:subfield>
</marc:datafield>
    <marc:datafield ind1=" " ind2=" " tag="260">
  <marc:subfield code="a">[Le Mans?, France],</marc:subfield>
  <marc:subfield code="c">[after 1710]</marc:subfield>
</marc:datafield>
    <marc:datafield ind1=" " ind2=" " tag="300">
  <marc:subfield code="a">88 leaves :</marc:subfield>
  <marc:subfield code="b">paper ;</marc:subfield>
  <marc:subfield code="c">232 x 180 (170 x 125) mm bound to 240 x 190 mm</marc:subfield>
</marc:datafield>
    <marc:datafield ind1=" " ind2=" " tag="336">
  <marc:subfield code="a">text</marc:subfield>
  <marc:subfield code="b">txt</marc:subfield>
  <marc:subfield code="2">rdacontent</marc:subfield>
</marc:datafield>
    <marc:datafield ind1=" " ind2=" " tag="337">
  <marc:subfield code="a">unmediated</marc:subfield>
  <marc:subfield code="b">n</marc:subfield>
  <marc:subfield code="2">rdamedia</marc:subfield>
</marc:datafield>
    <marc:datafield ind1=" " ind2=" " tag="338">
  <marc:subfield code="a">volume</marc:subfield>
  <marc:subfield code="b">nc</marc:subfield>
  <marc:subfield code="2">rdacarrier</marc:subfield>
</marc:datafield>
    <marc:datafield ind1=" " ind2=" " tag="500">
  <marc:subfield code="a">Ms. codex.</marc:subfield>
</marc:datafield>
    <marc:datafield ind1=" " ind2=" " tag="520">
  <marc:subfield code="a">Early 18th-century alphabetical index to three unknown volumes, perhaps commonplace books, of Latin and French poetry and prose.  The entries, whose keywords may be for an author, title, subject, or genre, are for acrostics, ballads, dialogues, enigmas, epigrams, epitaphs, fables, madrigals, satires, sermons, and sonnets.  Each entry is followed by a volume number (1-3) and page number, but no information about the publications from which they were originally copied.  An alphabetical list of authors (classical, Catholic, and literary) following the index (p. 147-168) does not have page numbers for index entries or page numbers from the three volumes.</marc:subfield>
</marc:datafield>
    <marc:datafield ind1=" " ind2=" " tag="546">
  <marc:subfield code="a">Latin and French.</marc:subfield>
</marc:datafield>
    <marc:datafield ind1=" " ind2=" " tag="500">
  <marc:subfield code="a">Title from title page (p. 1); spine title Index miscellaneorum.</marc:subfield>
</marc:datafield>
    <marc:datafield ind1="0" ind2=" " tag="505">
  <marc:subfield code="a">1. p.1-145: Index eorum omnium quae in tribus miscellaneorum libris tam latine quam gallice, tam stricta quam soluta oratione continentur -- 2. p.147-168: Index authorum omnium ex quibus ut plurimum excerpta sunt ea quae in tribus miscellaneorum libris continentur.</marc:subfield>
</marc:datafield>
    <marc:datafield ind1=" " ind2=" " tag="500">
  <marc:subfield code="a">Pagination: Paper, 86 leaves; [i-iv], 1-168, [169-172], original pagination in ink, modern pagination in pencil, upper outer corners.  Collation uncertain.</marc:subfield>
</marc:datafield>
    <marc:datafield ind1=" " ind2=" " tag="500">
  <marc:subfield code="a">Layout: Written in 23-28 long lines; frame-ruled in hardpoint; quarto format.</marc:subfield>
</marc:datafield>
    <marc:datafield ind1=" " ind2=" " tag="500">
  <marc:subfield code="a">Script: Written in cursive script by a single hand.</marc:subfield>
</marc:datafield>
    <marc:datafield ind1=" " ind2=" " tag="500">
  <marc:subfield code="a">Watermark: Three fleurs de lis in a simple shield with rounded square corners.</marc:subfield>
</marc:datafield>
    <marc:datafield ind1=" " ind2=" " tag="500">
  <marc:subfield code="a">Binding:  17th-century calf (Langlois) with gilt spine and spine label with title Index Miscellaneor[um].</marc:subfield>
</marc:datafield>
    <marc:datafield ind1=" " ind2=" " tag="500">
  <marc:subfield code="a">Origin: Written in France, possibly Le Mans (Seminarium Cenomanense stamp, p. 7), after 1710 (latest date in manuscript, p. 64, 90).</marc:subfield>
</marc:datafield>
    <marc:datafield ind1="1" ind2=" " tag="561">
  <marc:subfield code="a">Formerly held by the Seminarium Cenomanense (Le Mans, France; stamp, p. 7; erased stamp, p. 1).</marc:subfield>
</marc:datafield>
    <marc:datafield ind1="1" ind2=" " tag="561">
  <marc:subfield code="a">Sold by Guy Langlois (Amiens, France), 2018.</marc:subfield>
</marc:datafield>
    <marc:datafield ind1=" " ind2=" " tag="524">
  <marc:subfield code="a">Index eorum omnium (Ms. Codex 2343).  Kislak Center for Special Collections, Rare Books and Manuscripts, University of Pennsylvania.</marc:subfield>
</marc:datafield>
    <marc:datafield ind1=" " ind2="0" tag="650">
  <marc:subfield code="a">Catholic literature</marc:subfield>
  <marc:subfield code="v">Indexes</marc:subfield>
  <marc:subfield code="v">Early works to 1800.</marc:subfield>
</marc:datafield>
    <marc:datafield ind1=" " ind2="0" tag="650">
  <marc:subfield code="a">French literature</marc:subfield>
  <marc:subfield code="v">Indexes</marc:subfield>
  <marc:subfield code="v">Early works to 1800.</marc:subfield>
</marc:datafield>
    <marc:datafield ind1=" " ind2="0" tag="650">
  <marc:subfield code="a">Latin literature</marc:subfield>
  <marc:subfield code="v">Indexes</marc:subfield>
  <marc:subfield code="v">Early works to 1800.</marc:subfield>
</marc:datafield>
    <marc:datafield ind1=" " ind2="7" tag="655">
  <marc:subfield code="a">codices (bound manuscripts)</marc:subfield>
  <marc:subfield code="2">aat</marc:subfield>
  <marc:subfield code="0">http://vocab.getty.edu/aat/300224200</marc:subfield>
</marc:datafield>
    <marc:datafield ind1=" " ind2="7" tag="655">
  <marc:subfield code="a">Indexes.</marc:subfield>
  <marc:subfield code="2">rbmscv</marc:subfield>
</marc:datafield>
    <marc:datafield ind1=" " ind2="4" tag="655">
  <marc:subfield code="a">Manuscripts, Latin</marc:subfield>
  <marc:subfield code="y">18th century.</marc:subfield>
</marc:datafield>
    <marc:datafield ind1=" " ind2="4" tag="655">
  <marc:subfield code="a">Manuscripts, French</marc:subfield>
  <marc:subfield code="y">18th century.</marc:subfield>
</marc:datafield>
    <marc:datafield ind1=" " ind2="0" tag="655">
  <marc:subfield code="a">Manuscripts, European.</marc:subfield>
</marc:datafield>
    <marc:datafield ind1="2" ind2=" " tag="710">
  <marc:subfield code="a">Seminarium Cenomanense,</marc:subfield>
  <marc:subfield code="e">former owner.</marc:subfield>
  <marc:subfield code="0">http://id.loc.gov/authorities/names/no2020136978</marc:subfield>
  <marc:subfield code="1">http://viaf.org/viaf/19160665072403361914</marc:subfield>
</marc:datafield>
    <marc:datafield ind1="8" ind2=" " tag="852">
  <marc:subfield code="b">Kislak Center for Special Collections, Rare Books and Manuscripts</marc:subfield>
  <marc:subfield code="a">University of Pennsylvania</marc:subfield>
  <marc:subfield code="e">3420 Walnut Street, Philadelphia, Pennsylvania 19104-6206.</marc:subfield>
  <marc:subfield code="j">Ms. Codex 2343</marc:subfield>
</marc:datafield>
    <marc:datafield ind1=" " ind2=" " tag="AVA">
  <marc:subfield code="0">9977254651503681</marc:subfield>
  <marc:subfield code="8">22534309180003681</marc:subfield>
  <marc:subfield code="a">01UPENN_INST</marc:subfield>
  <marc:subfield code="b">KislakCntr</marc:subfield>
  <marc:subfield code="c">Manuscripts</marc:subfield>
  <marc:subfield code="d">Ms. Codex 2343</marc:subfield>
  <marc:subfield code="e">available</marc:subfield>
  <marc:subfield code="f">1</marc:subfield>
  <marc:subfield code="g">0</marc:subfield>
  <marc:subfield code="j">scmss</marc:subfield>
  <marc:subfield code="k">8</marc:subfield>
  <marc:subfield code="p">1</marc:subfield>
  <marc:subfield code="q">Kislak Center for Special Collections, Rare Books and Manuscripts</marc:subfield>
</marc:datafield>
    <marc:holdings>
  <marc:holding>
    <marc:holding_id>22534309180003681</marc:holding_id>
    <marc:call_number>Ms. Codex 2343</marc:call_number>
    <marc:library>KislakCntr</marc:library>
    <marc:location>scmss</marc:location>
  </marc:holding>
</marc:holdings>
  </marc:record>
</marc:records>
